| 000 | 00859cam a22002531 4500 | ||
|---|---|---|---|
| 001 | e 31000009 | ||
| 003 | DLC | ||
| 005 | 20260227111220.0 | ||
| 008 | 880212s1930 nyu l 000 0 eng c | ||
| 010 | _ae 31000009 | ||
| 035 | _a(OCoLC)17468977 | ||
| 040 |
_aLibrary, U.S. Office of Education _cCLU _dCLU _dDLC |
||
| 042 | _apremarc | ||
| 050 | 0 | 0 | _aLAW <United States New York (State) 4 "Educ"> |
| 110 | 1 | _aNew York (State) | |
| 240 | 0 | 0 | _aLaws, etc. |
| 245 | 0 | 0 | _aEducation law as amended to July 1, 1930 ... |
| 260 |
_aAlbany, _bThe University of the State of New York Press, _c1930. |
||
| 300 |
_a3-337 p. _c23 cm. |
||
| 490 | 0 |
_aUniversity of the State of New York bulletin ... _vno. 957. Oct. 1, 1930 |
|
| 500 | _aCover-title. | ||
| 650 | 0 |
_aEducational law and legislation _zNew York (State) |
|
| 710 | 2 | _aUniversity of the State of New York. | |
| 999 |
_c21076 _d21076 |
||